Ekonomické výpočty v řídicí praxi
Guardado en:
| Autor principal: | |
|---|---|
| Otros Autores: | , |
| Formato: | Libro |
| Lenguaje: | checo |
| Publicado: |
Praha
Inst. řízení
1989
|
| Edición: | 1. vyd. |
| Etiquetas: |
Sin Etiquetas, Sea el primero en etiquetar este registro!
|
MARC
| LEADER | 00000nam a2200000 4500 | ||
|---|---|---|---|
| 001 | c034669 | ||
| 005 | 20250219092947.6 | ||
| 041 | 0 | |a cze | |
| 044 | |a CZ | ||
| 245 | 1 | 0 | |a Ekonomické výpočty v řídicí praxi |c Jiří Vysušil, Karel Macík, František Freiberg |
| 250 | |a 1. vyd. | ||
| 264 | 1 | |a Praha |b Inst. řízení |c 1989 | |
| 300 | |a 456 s. | ||
| 100 | 1 | |a Vysušil, Jiří | |
| 700 | 1 | |a Macík, Karel | |
| 700 | 1 | |a Freiberg, František | |